000 01034nam a2200265 a 4500
001 16070
003 BD-RjUL
005 20211208235939.0
008 140211s1911 enk 001 0 eng d
035 _a(BD-RjUL)16125
040 _aBD-RjUL
_beng
_cBD-RjUL
_dBD-RjUL
041 1 _aeng
_hfre
082 _a194
_bBEM
100 1 _aBergson, Henri,
_d1859-1941.
_949703
245 1 0 _aMatter and memory /
_cHenri Bergson ; authorized translation by Nancy Margaret Paul and W. Scott Palmer
260 _aLondon :
_bGeorge Allen ;
_aNew York :
_bMacmillan,
_c1911.
300 _axx, 339 p. :
_bill. ;
_c22 cm
500 _aThis translation of Monsieur Bergson's Matiére et Mémoire has been made from the 5th ed. of 1908, and has has the great advantage of being revised in proof by the author. The marginal notes are peculiar to the English ed.
504 _aIncludes index
650 0 _aMind and body
_949742
650 0 _aMemory.
_97165
830 0 _aLibrary of philosophy
_949755
942 _2ddc
_cBK
999 _c16070
_d16070